|
|
|
|
| LEADER |
00000cam a2200000 a 4500 |
| 001 |
vtls010472996 |
| 003 |
SK-MaSNL |
| 005 |
20260331205919.0 |
| 008 |
251120s2012 xo a frj f000 0 slo |
| 013 |
|
|
|a 288018
|b xo
|c patent
|d 20121105
|e dátum sprístupnenia patentu
|
| 013 |
|
|
|a 5010-2008
|e číslo prihlášky
|d 20080201
|e dátum podania prihlášky
|d 20100208
|e dátum zverejnenia prihlášky (Vestník ÚPV SR č.: 2/2010)
|
| 015 |
|
|
|a SNBN2017
|
| 040 |
|
|
|a SNK
|b slo
|c SNK
|e AACR2
|
| 041 |
0 |
|
|a slo
|
| 044 |
|
|
|a xo
|c SK
|
| 072 |
|
7 |
|a 692
|x Konštrukčné prvky a časti stavieb
|2 konspekt
|
| 072 |
|
7 |
|a 69
|x Stavebníctvo
|2 konspekt
|
| 080 |
|
|
|a 692.82
|2 2001
|
| 080 |
|
|
|a 69:005.936.43
|2 2011
|
| 084 |
|
|
|a E06B 1/00
|2 IPC
|
| 084 |
|
|
|a F24F 7/00
|2 IPC
|
| 100 |
1 |
|
|a Bobik, Mikuláš
|4 org
|4 pth
|9 10166
|
| 245 |
1 |
0 |
|a Multifunkčná parapetná doska
|c Mikuláš Bobik ; patent. zást. Jaroslav Guniš
|
| 260 |
|
|
|a [Banská Bystrica]
|b Úrad priemyselného vlastníctva SR
|c [2012]
|
| 300 |
|
|
|a 4 s.
|b obr.
|c 30 cm
|
| 650 |
0 |
7 |
|a okná
|2 SNKPH
|9 21896
|
| 650 |
0 |
7 |
|a stavebné výrobky
|2 SNKPH
|9 66020
|
| 650 |
0 |
7 |
|a Microsoft Windows
|2 SNKPHeng
|9 3939
|
| 650 |
0 |
7 |
|a Building products
|2 SNKPHeng
|9 322681
|
| 655 |
|
7 |
|a patenty
|2 SNKPH
|9 177343
|
| 655 |
|
7 |
|a patent licenses
|2 SNKPHeng
|9 303430
|
| 700 |
1 |
|
|a Guniš, Jaroslav
|4 oth
|9 314333
|
| 852 |
|
|
|a Štátna vedecká knižnica v Banskej Bystrici
|
| 999 |
|
|
|c 752430
|d 754360
|
| 952 |
|
|
|a SNK
|b SNK
|y PREZ
|7 0
|p 17A1058177
|o snkSK 288018
|i snk2012/25246
|8 0
|0 0
|1 0
|4 0
|d 2012-12-06
|l 0
|r 2026-02-23 23:37:14
|w 2026-02-23
|